| 000 | 00612cam a22002171 4500 | ||
|---|---|---|---|
| 001 | 8439093 | ||
| 005 | 20241205095809.0 | ||
| 008 | 750516s1962 nyu 000 0 eng | ||
| 050 | 0 | 0 |
_aPE1478 _b.H8 1962 |
| 082 | _a808 | ||
| 100 | 1 | _aHubbell, George Shelton. | |
| 245 | 1 | 0 | _aWriting term papers and reports. |
| 250 | _a[4th ed., rev.] | ||
| 260 |
_aNew York, _bBarnes & Noble _c[c1962] |
||
| 300 |
_a164 p. _c21 cm. |
||
| 440 | 0 |
_aCollege outline series, _vno. 37 |
|
| 500 | _a"Formerly published as Writing documented papers." | ||
| 650 | 0 | _aReport writing. | |
| 650 | 0 | _aResearch. | |
| 942 |
_2lcc _cBK _n0 |
||
| 999 |
_c1962 _d1962 |
||